[Event "FICGS W-ch st1 gN 01 email"]
[Site "FICGS email"]
[Date "2013.07.02"]
[Round "1"]
[White "Tsenkov, Lyubomir"]
[Black "Lowrance, Wayne"]
[Result "0-1"]
[WhiteElo "2275"]
[BlackElo "2252"]
[PlyCount "70"]
[EventDate "2013.??.??"]
[EventType "tourn (corr)"]
[EventRounds "6"]
[SourceTitle "Corr 2022"]
[Source "ChessBase"]
[SourceDate "2021.10.24"]
[SourceVersion "1"]
[SourceVersionDate "2021.10.24"]
[SourceQuality "1"]

1. c4 e5 2. Nc3 Nf6 3. Nf3 Nc6 4. g3 Bb4 5. Bg2 0-0 6. 0-0 d6 7. d3 h6 8. Na4 a5 9. e3 Bc5 10. a3 Bg4 11. h3 Bf5 12. b3 Qd7 13. Kh2 Ba7 14. Bb2 Bh7 15. Qd2 Ne7 16. Rfc1 Rfd8 17. Bc3 b6 18. Nb2 c6 19. b4 Qe6 20. bxa5 bxa5 21. Bxa5 Rdb8 22. Ne1 e4 23. Bc3 Nd7 24. d4 h5 25. h4 Qh6 26. Qc2 Nf6 27. Kg1 g5 28. hxg5 Qxg5 29. Nd1 Re8 30. Bb4 Bb8 31. Bc3 h4 32. gxh4 Qxh4 33. d5 Ng4 34. Qd2 cxd5 35. f3 exf3 0-1

[Event "FICGS W-ch st1 gN 02 email"]
[Site "FICGS email"]
[Date "2012.11.01"]
[Round "1"]
[White "Eldridge, Mark"]
[Black "Lowrance, Wayne"]
[Result "1/2-1/2"]
[WhiteElo "2226"]
[BlackElo "2225"]
[PlyCount "45"]
[EventDate "2012.??.??"]
[EventType "tourn (corr)"]
[EventRounds "6"]
[SourceTitle "Corr 2022"]
[Source "ChessBase"]
[SourceDate "2021.10.24"]
[SourceVersion "1"]
[SourceVersionDate "2021.10.24"]
[SourceQuality "1"]

1. d4 Nf6 2. c4 e6 3. Nf3 b6 4. g3 Ba6 5. b3 Bb7 6. Bg2 Bb4+ 7. Bd2 a5 8. 0-0 0-0 9. a3 Be7 10. Nc3 Ne4 11. Qc2 Nxd2 12. Nxd2 c6 13. e4 d6 14. Rfd1 Nd7 15. Nf1 Qc7 16. Ne3 Rfd8 17. Rac1 Bf8 18. d5 g6 19. h4 Bh6 20. f4 cxd5 21. Ng4 Bg7 22. exd5 e5 23. f5 1/2-1/2

[Event "FICGS rapid M 000059 email"]
[Site "FICGS email"]
[Date "2012.10.26"]
[Round "1"]
[White "Simmelink, Joop Theo"]
[Black "Lowrance, Wayne"]
[Result "1/2-1/2"]
[WhiteElo "2207"]
[BlackElo "2215"]
[PlyCount "55"]
[EventDate "2012.??.??"]
[EventType "tourn (rapid)"]
[EventRounds "6"]
[SourceTitle "Corr 2022"]
[Source "ChessBase"]
[SourceDate "2021.10.24"]
[SourceVersion "1"]
[SourceVersionDate "2021.10.24"]
[SourceQuality "1"]

1. e4 e5 2. Nf3 Nc6 3. Bb5 a6 4. Ba4 Nf6 5. 0-0 Be7 6. Re1 b5 7. Bb3 0-0 8. c3 d6 9. h3 Re8 10. d4 Bb7 11. Nbd2 Bf8 12. a4 exd4 13. cxd4 h6 14. Bc2 Nb4 15. Bb1 c5 16. d5 g6 17. Nf1 Bg7 18. Ra3 Nd7 19. a5 Qc7 20. Ng3 Qd8 21. Re2 Qf6 22. Be3 Qe7 23. Qd2 h5 24. Bf4 Bf6 25. Nxh5 gxh5 26. e5 Nxd5 27. Nd4 cxd4 28. Rg3+ 1/2-1/2

[Event "FICGS class M 000053 email"]
[Site "FICGS email"]
[Date "2011.12.21"]
[Round "1"]
[White "Boehme, Sebastian"]
[Black "Lowrance, Wayne"]
[Result "1/2-1/2"]
[WhiteElo "2374"]
[BlackElo "2266"]
[PlyCount "57"]
[EventDate "2011.??.??"]
[EventType "tourn (corr)"]
[EventRounds "6"]
[SourceTitle "Corr 2022"]
[Source "ChessBase"]
[SourceDate "2021.10.24"]
[SourceVersion "1"]
[SourceVersionDate "2021.10.24"]
[SourceQuality "1"]

1. e4 c5 2. Nf3 Nc6 3. d4 cxd4 4. Nxd4 e5 5. Nb5 d6 6. c4 Be7 7. N1c3 a6 8. Na3 Be6 9. Bd3 Bg5 10. 0-0 h6 11. Nc2 Nf6 12. b3 Bxc1 13. Rxc1 0-0 14. Qd2 Rc8 15. Be2 Qa5 16. Rfd1 Kh8 17. g3 Ne8 18. Kg2 f5 19. exf5 Bxf5 20. Ne3 Bd7 21. Ned5 Qd8 22. f4 Nd4 23. Bd3 Nf6 24. Nxf6 Qxf6 25. Rf1 Qf7 26. Be4 Qh5 27. Rf2 b5 28. Nd5 Rce8 29. Qd3 1/2-1/2

[Event "FICGS class M 000053 email"]
[Site "FICGS email"]
[Date "2011.12.21"]
[Round "1"]
[White "Lowrance, Wayne"]
[Black "Mamrukov, Dmitri"]
[Result "1/2-1/2"]
[WhiteElo "2266"]
[BlackElo "2211"]
[PlyCount "49"]
[EventDate "2011.??.??"]
[EventType "tourn (corr)"]
[EventRounds "6"]
[SourceTitle "Corr 2022"]
[Source "ChessBase"]
[SourceDate "2021.10.24"]
[SourceVersion "1"]
[SourceVersionDate "2021.10.24"]
[SourceQuality "1"]

1. e4 c5 2. Nf3 e6 3. Nc3 a6 4. d4 cxd4 5. Nxd4 Qc7 6. a3 Nf6 7. f4 d6 8. Be3 e5 9. Nb3 Be7 10. Be2 exf4 11. Bxf4 Nc6 12. Qd2 Ne5 13. 0-0-0 0-0 14. Rhf1 Be6 15. Nd4 Rac8 16. Kb1 Rfe8 17. Bg5 Ned7 18. h4 b5 19. Nf5 Bxf5 20. Rxf5 Qa5 21. Bd3 h6 22. Bxh6 Rxc3 23. bxc3 Ng4 24. Bxg7 Kxg7 25. Bc4 1/2-1/2

[Event "FICGS class GM 000002 email"]
[Site "FICGS email"]
[Date "2010.07.06"]
[Round "1"]
[White "Riccio, Eros"]
[Black "Lowrance, Wayne"]
[Result "1-0"]
[WhiteElo "2477"]
[BlackElo "2537"]
[PlyCount "47"]
[EventDate "2010.??.??"]
[EventType "tourn (corr)"]
[EventRounds "6"]
[EventCategory "11"]
[SourceTitle "Corr 2013"]
[Source "ChessBase"]
[SourceDate "2012.11.12"]
[SourceVersion "1"]
[SourceVersionDate "2012.11.12"]
[SourceQuality "1"]

1. e4 c5 2. Nf3 d6 3. d4 cxd4 4. Nxd4 Nf6 5. Nc3 a6 6. Bg5 e6 7. f4 Qb6 8. Qd2 Qxb2 9. Rb1 Qa3 10. e5 h6 11. Bh4 dxe5 12. fxe5 Nfd7 13. Ne4 Qxa2 14. Rd1 Qd5 15. Qe3 Qxe5 16. Be2 Bc5 17. Bg3 Qd5 18. c4 Bxd4 19. Rxd4 Qa5+ 20. Rd2 0-0 21. Bd6 Rd8 22. g4 Nc6 23. 0-0 Nde5 24. h4 1-0

[Event "FICGS W-ch qf4 email"]
[Site "FICGS email"]
[Date "2010.07.02"]
[Round "7"]
[White "Lowrance, Wayne"]
[Black "Tomov, Georgi"]
[Result "1/2-1/2"]
[WhiteElo "2537"]
[BlackElo "2370"]
[PlyCount "93"]
[EventDate "2010.??.??"]
[EventType "match (corr)"]
[EventRounds "8"]
[SourceTitle "Corr 2013"]
[Source "ChessBase"]
[SourceDate "2012.11.12"]
[SourceVersion "1"]
[SourceVersionDate "2012.11.12"]
[SourceQuality "1"]

1. e4 e5 2. Nf3 Nc6 3. d4 exd4 4. Nxd4 Nf6 5. Nxc6 bxc6 6. Nc3 Bd6 7. Bd3 0-0 8. f4 Bc5 9. e5 Re8 10. Na4 Qe7 11. Bd2 d6 12. Nxc5 dxe5 13. b4 Bg4 14. Qc1 e4 15. Ba6 e3 16. 0-0 exd2 17. Qxd2 Qd6 18. Qf2 Nd5 19. a3 Ne3 20. Rfe1 Nd1 21. Ne4 Rxe4 22. Raxd1 Rae8 23. Rxd6 Rxe1+ 24. Qxe1 Rxe1+ 25. Kf2 cxd6 26. Kxe1 Kf8 27. Bd3 Ke7 28. Kd2 d5 29. Ke3 h6 30. h3 Bd7 31. Kd4 Kd6 32. g4 g5 33. f5 f6 34. Ba6 Be8 35. Be2 Bd7 36. Bd3 Bc8 37. c3 Bb7 38. c4 dxc4 39. Bxc4 Bc8 40. Be2 Bb7 41. Bf1 Bc8 42. Bd3 Bb7 43. Bc4 Bc8 44. Be2 Bb7 45. a4 Bc8 46. Bc4 Bb7 47. Bd3 1/2-1/2

[Event "FICGS class SM 000012 email"]
[Site "FICGS email"]
[Date "2010.03.07"]
[Round "1"]
[White "Lowrance, Wayne"]
[Black "Rotaru, Dan"]
[Result "1/2-1/2"]
[WhiteElo "2479"]
[BlackElo "2400"]
[PlyCount "83"]
[EventDate "2010.??.??"]
[EventType "tourn (corr)"]
[EventRounds "6"]
[EventCategory "8"]
[SourceTitle "Corr 2013"]
[Source "ChessBase"]
[SourceDate "2012.11.12"]
[SourceVersion "1"]
[SourceVersionDate "2012.11.12"]
[SourceQuality "1"]

1. e4 e6 2. d4 d5 3. Nc3 Nf6 4. Bg5 Bb4 5. e5 h6 6. exf6 hxg5 7. fxg7 Rg8 8. a3 Bxc3+ 9. bxc3 Qf6 10. Qg4 Nd7 11. h4 gxh4 12. Rxh4 Qxg7 13. Qf4 Qf6 14. Qh2 e5 15. Rh3 Qe7 16. dxe5 Nf8 17. Rg3 Ng6 18. Qh6 Bf5 19. Qe3 Bxc2 20. Nf3 Be4 21. Nd2 Qxe5 22. 0-0-0 0-0-0 23. Qxa7 c6 24. Re3 f5 25. Nf3 Qf4 26. Rd2 Qb8 27. Qxb8+ Kxb8 28. Nd4 Rc8 29. f3 c5 30. Nc2 Bxc2 31. Kxc2 f4 32. Re1 Rcd8 33. Re6 Nh4 34. Re5 Rgf8 35. Kc1 Rf5 36. Re7 Ng6 37. Rg7 Ne5 38. Kb2 Rd7 39. Rg8+ Kc7 40. Bb5 Nc6 41. a4 Rd8 42. Rg7+ 1/2-1/2

[Event "FICGS W-ch qf02 email"]
[Site "FICGS email"]
[Date "2009.11.02"]
[Round "1"]
[White "De Vassal, Thibault"]
[Black "Lowrance, Wayne"]
[Result "0-1"]
[WhiteElo "2465"]
[BlackElo "2451"]
[PlyCount "120"]
[EventDate "2009.??.??"]
[EventType "match (corr)"]
[EventRounds "8"]
[SourceTitle "Corr 2022"]
[Source "ChessBase"]
[SourceDate "2021.10.24"]
[SourceVersion "1"]
[SourceVersionDate "2021.10.24"]
[SourceQuality "1"]

1. e4 c5 2. Nf3 d6 3. d4 cxd4 4. Nxd4 Nf6 5. Nc3 a6 6. Be3 Ng4 7. Bc1 Nf6 8. Be2 e5 9. Nb3 Be7 10. 0-0 0-0 11. Be3 Qc7 12. Qd2 Be6 13. f4 Nbd7 14. f5 Bc4 15. g4 d5 16. exd5 Bb4 17. d6 Qc6 18. Bxc4 Qxc4 19. g5 Bxc3 20. bxc3 Nd5 21. Rae1 Rac8 22. Qg2 Qc6 23. c4 Qxc4 24. f6 Nxe3 25. Rxe3 Qc6 26. Rf2 Qxg2+ 27. Kxg2 gxf6 28. gxf6 Kh8 29. Kf1 Rg8 30. Ke1 b6 31. c3 Rc6 32. Rd3 Rd8 33. Ke2 Re8 34. h4 h6 35. a4 a5 36. Nd2 e4 37. Re3 Rxd6 38. Rf4 Nc5 39. Nxe4 Rde6 40. Kf3 Re5 41. Re2 Ne6 42. Rg4 h5 43. Rg1 Rf5+ 44. Kg3 Nc5 45. Nd6 Rg8+ 46. Kh2 Rxf6 47. Rxg8+ Kxg8 48. Ne4 Rf4 49. Nxc5 Rxh4+ 50. Kg3 Rg4+ 51. Kf3 bxc5 52. Re5 Rxa4 53. Rxc5 h4 54. c4 Ra3+ 55. Kg2 Kg7 56. Rc8 Kf6 57. c5 Ke6 58. Rd8 Rc3 59. Rd4 h3+ 60. Kh2 Rc2+ 0-1